[Event "Cesko-Slovenska Extraliga zen"]
[Site "Ricany"]
[Date "2015.06.28"]
[Round "2.10"]
[White "Brozova, Renata"]
[Black "Marikova, Jana"]
[Result "0-1"]
[WhiteElo "1729"]
[BlackElo "2164"]
[PlyCount "92"]
[EventDate "2015.??.??"]
[TimeControl "6000+840"]
[WhiteClock "0:00:53"]
[BlackClock "0:06:51"]

1. e4 c5 2. Nc3 d6 3. f4 Nc6 4. Bb5 Nf6 5. Bxc6+ bxc6 6. Nf3 g6 7. O-O Bg7 8.
d3 O-O 9. Qe1 Rb8 10. Rb1 Ne8 11. f5 gxf5 12. Bg5 f6 13. Be3 e5 14. exf5 Bxf5
15. Nh4 Be6 16. Nf5 Qd7 17. Nxg7 Nxg7 18. Bh6 f5 19. Qh4 Rf7 20. b3 Qe7 21. Bg5
Qf8 22. Rf3 Rb4 23. Qh6 Rg4 24. Rg3 Rxg3 25. hxg3 Bd7 26. Qh4 Ne6 27. Bh6 Qe7
28. Qxe7 Rxe7 29. Be3 d5 30. Na4 d4 31. Bd2 Kf7 32. Re1 Kf6 33. Ba5 Re8 34. Kf2
Rg8 35. Rh1 Rg7 36. Nb2 e4 37. dxe4 fxe4 38. Nc4 e3+ 39. Kf3 Rf7 40. Nd6 Rf8
41. Ke2 Kg7 42. Nc4 Rf2+ 43. Kd3 Ng5 44. Nd6 Bg4 45. Re1 Rxg2 46. Bc7 Rd2+ 0-1

[Event "Cesko-Slovenska Extraliga zen"]
[Site "Ricany"]
[Date "2015.06.28"]
[Round "2.11"]
[White "Kubikova, Hana"]
[Black "Volaninova, Sarka"]
[Result "1-0"]
[WhiteElo "2118"]
[BlackElo "1630"]
[PlyCount "77"]
[EventDate "2015.??.??"]
[TimeControl "6000+895"]
[WhiteClock "0:06:32"]
[BlackClock "0:03:21"]

1. f4 Nf6 2. Nf3 d5 3. e3 c5 4. b3 e6 5. Bb2 Nc6 6. Bb5 Bd7 7. O-O Be7 8. Bxc6
Bxc6 9. d3 b5 10. Ne5 Bb7 11. Nd2 O-O 12. Ndf3 Qb6 13. Qe1 Rfd8 14. Kh1 Rac8
15. a4 b4 16. Rd1 a5 17. Qg3 Ba6 18. Rfe1 c4 19. Bd4 Bc5 20. Nd7 Rxd7 21. Bxf6
Bf8 22. dxc4 Kh8 23. Bd4 Qc7 24. Ne5 Re7 25. c5 f6 26. Nf3 Ree8 27. h3 Bxc5 28.
Rd2 Qb6 29. Qg4 Re7 30. Kh2 Qd6 31. Kh1 Qb6 32. Qh4 Qd8 33. Red1 Qe8 34. Qg3
Rec7 35. Bxc5 Rxc5 36. Nd4 R5c7 37. f5 exf5 38. Nxf5 Qe5 39. Rxd5 1-0

[Event "Cesko-Slovenska Extraliga zen"]
[Site "Ricany"]
[Date "2015.06.28"]
[Round "2.12"]
[White "Homolkova, Ivana"]
[Black "Vorackova, Jarmila"]
[Result "1/2-1/2"]
[WhiteElo "1484"]
[BlackElo "1936"]
[PlyCount "105"]
[EventDate "2015.??.??"]
[TimeControl "6000+760"]
[WhiteClock "0:09:24"]
[BlackClock "0:02:13"]

1. e4 c6 2. d4 d5 3. Nc3 dxe4 4. Nxe4 Bf5 5. Ng3 Bg6 6. h4 h6 7. Nf3 Nd7 8. h5
Bh7 9. Bd3 Bxd3 10. Qxd3 Ngf6 11. Bd2 Qc7 12. O-O-O e6 13. Ne4 Nxe4 14. Qxe4
Nf6 15. Qe2 Bd6 16. g3 O-O-O 17. c4 c5 18. Bc3 Rhg8 19. dxc5 Qxc5 20. Ne5 Bxe5
21. Bxe5 Nd7 22. Bc3 Nb6 23. b3 a5 24. Kb2 Rd7 25. Rxd7 Nxd7 26. Rd1 a4 27. Bd4
Qb4 28. Qd2 Qxd2+ 29. Rxd2 axb3 30. axb3 e5 31. Be3 Nf6 32. b4 Nxh5 33. c5 Nf6
34. Rc2 Kc7 35. b5 Rd8 36. Kb3 Ng4 37. Bc1 f6 38. Kb4 Rd4+ 39. Ka5 Rd3 40. c6
bxc6 41. Rxc6+ Kd7 42. Rc2 e4 43. b6 Ne5 44. b7 Rb3 45. Ka6 Nc6 46. Rb2 Rxb2
47. Bxb2 Kc7 48. Ba3 h5 49. Bf8 g6 50. Bh6 g5 51. Bg7 Nd8 52. Bxf6 Nxb7 53.
Bxg5 1/2-1/2

[Event "Cesko-Slovenska Extraliga zen"]
[Site "Ricany"]
[Date "2015.06.28"]
[Round "2.13"]
[White "Balkova, Anna"]
[Black "Nova, Michaela"]
[Result "1-0"]
[WhiteElo "1929"]
[BlackElo "1828"]
[PlyCount "59"]
[EventDate "2015.??.??"]
[TimeControl "6000+785"]
[WhiteClock "0:13:47"]
[BlackClock "0:38:24"]

1. e4 c5 2. Nf3 d6 3. d4 cxd4 4. Nxd4 Nf6 5. Nc3 a6 6. Bc4 e6 7. Bb3 Nbd7 8.
O-O Nc5 9. Re1 Be7 10. Kh1 O-O 11. f4 Nxb3 12. axb3 Qc7 13. e5 Nd7 14. Qh5 dxe5
15. fxe5 b6 16. Bg5 Bxg5 17. Qxg5 Bb7 18. Re3 Qd8 19. Qg4 Qe7 20. Rae1 Rfd8 21.
Rg3 g6 22. Qf4 Rac8 23. Rh3 Qf8 24. Ree3 Qg7 25. Nf3 Bxf3 26. Rhxf3 Nxe5 27.
Rxe5 Rxc3 28. bxc3 Rd1+ 29. Rf1 Qxe5 30. Qxf7+ 1-0

[Event "Cesko-Slovenska Extraliga zen"]
[Site "Ricany"]
[Date "2015.06.28"]
[Round "2.14"]
[White "Vilimova, Julie"]
[Black "Nytrova, Adela"]
[Result "0-1"]
[WhiteElo "1707"]
[BlackElo "1844"]
[PlyCount "60"]
[EventDate "2015.??.??"]

1. c4 e5 2. Nc3 Nf6 3. g3 d5 4. cxd5 Nxd5 5. Bg2 Nb6 6. Nf3 Nc6 7. O-O Be6 8.
d3 f6 9. Be3 Qd7 10. Ne4 Rd8 11. Nc5 Bxc5 12. Bxc5 Bh3 13. Qc2 Bxg2 14. Kxg2
Qd5 15. Rfd1 g5 16. Kg1 h5 17. h4 g4 18. Nd2 f5 19. b3 Rg8 20. Nf1 f4 21. e3
fxg3 22. Nxg3 Qf7 23. d4 Nd5 24. dxe5 Nxe5 25. Qe4 Qe6 26. Qa4+ Kf7 27. Kg2 Nf3
28. Rh1 Qf6 29. Qe4 Nxh4+ 30. Kf1 Qxa1+ 0-1

[Event "Cesko-Slovenska Extraliga zen"]
[Site "Ricany"]
[Date "2015.06.28"]
[Round "2.15"]
[White "Valesova, Sarka"]
[Black "Otrubova, Kristyna"]
[Result "0-1"]
[WhiteElo "1860"]
[BlackElo "1440"]
[PlyCount "46"]
[EventDate "2015.??.??"]
[TimeControl "6000+780"]
[WhiteClock "0:57:37"]
[BlackClock "0:36:36"]

1. e4 e6 2. d4 d5 3. exd5 exd5 4. c4 Nf6 5. Bg5 Bb4+ 6. Nc3 Bxc3+ 7. bxc3 dxc4
8. Bxc4 O-O 9. Ne2 Bf5 10. O-O Nbd7 11. h4 h6 12. Bf4 Nh5 13. Bg3 Bg4 14. Qb3
Nb6 15. Bd3 Nxg3 16. fxg3 Qe7 17. Rae1 Qe3+ 18. Kh2 Qxd3 19. Nf4 Qc4 20. Qc2
Nd5 21. Nxd5 Qxd5 22. Rf4 Be6 23. Re5 Qxa2 0-1